00789nam a2200205 a 450000100100000000500170001000800410002704000250006808200160009310000350010924500650014425000110020926000330022030000210025350400320027459000260030695201140033295201200044699900170056600004799220201002060842.0181010s1994 dr r 000 0 spa d aDO-SdBNPbspacBNPHU axxxxbP896i1 aPrado Flores, José H.91097110aId y evangelizad a los bautizados /cJosé H. Prado Flores. a2a ed. aSanto Domingo :bMSC,c1994. a119 p. ;c22 cm. aBibliografía : p. 117-119 aInventariado, 2018/BT 0010718PDaPDbPDcHDd2018-10-10iLF1l0oxxxx P896ip47992-10r2020-06-25w2020-06-25yLFPDZNo se presta 0011718PDaPDbPDcMId2018-10-12iLF1l0oxxxx P896ip47992-20r2020-06-25te. 2w2020-06-25yLFPDZNo se presta c47480d47480